Didactica de las ciencias del lenguaje : (Registro nro. 39444)

Detalles MARC
000 -LEADER
fixed length control field 01326nam a2200313 4500
001 - CONTROL NUMBER
control field 0000018017
003 - CONTROL NUMBER IDENTIFIER
control field CO-CtgCURN
005 - DATE AND TIME OF LATEST TRANSACTION
control field 20250429224121.0
007 - PHYSICAL DESCRIPTION FIXED FIELD--GENERAL INFORMATION
fixed length control field ta
008 - FIXED-LENGTH DATA ELEMENTS--GENERAL INFORMATION
fixed length control field 160627s1994 000 0 eng d
020 ## - INTERNATIONAL STANDARD BOOK NUMBER
International Standard Book Number 9501221113
040 ## - CATALOGING SOURCE
Original cataloging agency CO-CtgCURN
Language of cataloging spa
Transcribing agency coctgcurn
082 0# - DEWEY DECIMAL CLASSIFICATION NUMBER
Classification number 372.6
Item number A54d
100 1# - MAIN ENTRY--PERSONAL NAME
Personal name Alisedo, Graciela.
245 10 - TITLE STATEMENT
Title Didactica de las ciencias del lenguaje :
Remainder of title aportes y reflexiones /
Statement of responsibility, etc. Graciela Alisedo, Sara Melgar, Cristina Chiocci , coordinacion del proyecto de didacticas especiales Hilda Weissmann.
260 ## - PUBLICATION, DISTRIBUTION, ETC.
Place of publication, distribution, etc. Mexico :
Name of publisher, distributor, etc. Paidos,
Date of publication, distribution, etc. 1994.
300 ## - PHYSICAL DESCRIPTION
Extent 233 p.
336 ## - CONTENT TYPE
Source rdacontent
337 ## - MEDIA TYPE
Source rdamedia
Media type term sin mediacion
Media type code n
338 ## - CARRIER TYPE
Source rdacarrier
Carrier type term volumen
Carrier type code nc
490 1# - SERIES STATEMENT
Series statement Paidos educador ;
Volume/sequential designation 111
504 ## - BIBLIOGRAPHY, ETC. NOTE
Bibliography, etc. note Bibliografia (p. 227-233)
505 8# - FORMATTED CONTENTS NOTE
Formatted contents note Marco teorico para una didactica de las ciencias del lenguaje.--Para una didactica de la lengua escrita.--La lengua escrita como objeto ling istico.--Códigos paralelos y teoria ortografica.--El sistema grafematico del español.--Discusion didactica.--Los contenidos de la alfabetizacion.--La lectura en voz alta
650 14 - SUBJECT ADDED ENTRY--TOPICAL TERM
Topical term or geographic name entry element Español
Form subdivision Enseñanza.
700 1# - ADDED ENTRY--PERSONAL NAME
Personal name Melgar, Sara.
908 ## - PUT COMMAND PARAMETER (RLIN)
Put command parameter 160627
942 ## - ADDED ENTRY ELEMENTS (KOHA)
Koha item type Libros
Classification part 372.6
Item part A54d
Source of classification or shelving scheme Dewey Decimal Classification
Existencias
Withdrawn status Lost status Source of classification or shelving scheme Damaged status Not for loan Collection Home library Current library Shelving location Date acquired Inventory number Total checkouts Full call number Barcode Date last seen Price effective from Koha item type Public note
    Dewey Decimal Classification     General Miguel Henríquez Castañeda Miguel Henríquez Castañeda General 04/29/2025 014456   372.6 A54d 014456 04/29/2025 04/29/2025 Libros 370-EDUCAC